[Event "Druzynowe Mistrzostwa Polski Juniorow - Ekstraliga Juniorow 2019"]
[Site "DW Globus Ustron Jaszowiec ul. Turystyczna 6"]
[Date "1899-12-30"]
[Round "6.5"]
[White "Kaczmarska, Joanna"]
[Black "Kucharska, Honorata"]
[Result "1/2-1/2"]
[WhiteTitle "k+"]
[BlackTitle "WFM"]
[WhiteElo "2010"]
[BlackElo "2054"]

1. d4 Nf6 2. c4 d6 3. Nf3 Nbd7 4. Nc3 e5 5. g3 g6 6. b3 Bg7 7. Bb2 O-O 8. Bg2 Re8
9. O-O c6 10. Qc2 Qe7 11. Rad1 a6 12. e4 Rb8 13. d5 c5 14. Qe2 h6 15. Nh4 Nf8
16. a3 N6h7 17. b4 b6 18. Qd3 Ng5 19. Rb1 Qf6 20. Kh1 Nh3 21. Qe3 Qg5 22. Qe1
Nf4 23. gxf4 Qxh4 24. fxe5 Bxe5 25. f4 Qxe1 26. Rbxe1 Bd4 27. Nd1 Bxb2 28. Nxb2
Bd7 29. e5 g5 30. exd6 Ng6 31. Nd3 Bf5 32. Ne5 Nxf4 33. d7 Rxe5 34. Rxe5 Bxd7
35. Be4 Kf8 36. Bc2 f6 37. Re3 Rc8 38. Bb3 Bf5 39. Rf2 b5 40. Bc2 Bxc2 41. Rxc2
cxb4 42. c5 Nxd5 43. Rd3 Nf4 44. Rb3 bxa3 45. Rxa3 Rc6 46. Kg1 Kf7 47. Re3 Ne6
48. Rec3 b4 49. Rc4 a5 50. Kf1 Nf4 51. Ra2 Nd5 52. Kf2 Ra6 53. c6 Nc7 54. Rd2
Ke6 55. Rd7 Ra7 56. Re4+ Kf5 57. Ree7 b3 58. Rxc7 b2 59. Rxa7 b1=Q 60. Rxa5+ Kg6
61. c7 Qc2+ 62. Ke3 Qc3+ 63. Kf2 h5 64. Ra8 Qc5+ 65. Kf1 Qc1+ 66. Ke2 Qc2+ 67.
Ke3 Qc3+ 68. Kf2 Qc2+ 69. Ke3 Qc3+ 70. Kf2 Qc2+ 71. Ke1 Qc1+ 72. Ke2 Qc2+ 73.
Ke1 Qc1+ 74. Ke2 Qc2+ 75. Ke1 Qc1+ 76. Ke2 1/2-1/2

[Event "Druzynowe Mistrzostwa Polski Juniorow - Ekstraliga Juniorow 2019"]
[Site "DW Globus Ustron Jaszowiec ul. Turystyczna 6"]
[Date "1899-12-30"]
[Round "6.6"]
[White "Kucharska, Helena"]
[Black "Kandula, Jasmina"]
[Result "1-0"]
[WhiteTitle "I"]
[BlackTitle "II+"]
[WhiteElo "1543"]
[BlackElo "1040"]

1. e4 e5 2. Bc4 Nf6 3. Nc3 Nc6 4. d3 Bc5 5. Nf3 d6 6. a3 Bg4 7. h3 Bh5 8. g4 Bg6
9. Na4 Bb6 10. Nxb6 axb6 11. Be3 h6 12. Qd2 Qd7 13. Nh4 Bh7 14. f3 d5 15. Ba2
d4 16. Bf2 g5 17. Ng2 Ne7 18. h4 Qb5 19. c3 dxc3 20. Qxc3 Nc6 21. Ke2 Rd8 22.
Bc4 Qa5 23. b4 Nd4+ 24. Bxd4 exd4 25. Qb3 Qe5 26. hxg5 Qg3 27. Bxf7+ Kf8 28. Rag1
hxg5 29. Bg6 Rd7 30. Qe6 Qd6 31. Qf5 Qc6 32. Rc1 Qd6 33. Kf2 Kg7 34. Bxh7 Nxh7
35. e5 Qg6 36. Qxd7+ Qf7 37. Qxf7+ Kxf7 38. Rxc7+ Kg6 39. f4 gxf4 40. Nxf4+ Kg5
41. Rhxh7 1-0

[Event "Druzynowe Mistrzostwa Polski Juniorow - Ekstraliga Juniorow 2019"]
[Site "DW Globus Ustron Jaszowiec ul. Turystyczna 6"]
[Date "1899-12-30"]
[Round "6.7"]
[White "Polczyk, Mikolaj"]
[Black "Kozak, Antoni"]
[Result "0-1"]
[WhiteTitle "k"]
[BlackTitle "k++"]
[WhiteElo "2182"]
[BlackElo "2365"]

1. Nf3 Nf6 2. c4 c5 3. d4 e6 4. Nc3 cxd4 5. Nxd4 d5 6. Bg5 Be7 7. cxd5 Nxd5 8.
Bxe7 Kxe7 9. Nf5+ exf5 10. Nxd5+ Kf8 11. Qd4 Qd6 12. Rd1 Be6 13. Qb4 Qxb4+ 14.
Nxb4 Nc6 15. Nxc6 bxc6 16. b3 Ke7 17. e3 a5 18. Rc1 a4 19. bxa4 Rxa4 20. Rxc6
Rxa2 21. Rc1 Rd8 22. Bb5 Rb2 23. Ba4 Bc4 24. Bd1 Bb5 25. Rc5 Rb1 0-1

[Event "Druzynowe Mistrzostwa Polski Juniorow - Ekstraliga Juniorow 2019"]
[Site "DW Globus Ustron Jaszowiec ul. Turystyczna 6"]
[Date "1899-12-30"]
[Round "6.8"]
[White "Mis, Mieszko"]
[Black "Panek, Bartosz"]
[Result "1-0"]
[WhiteTitle "FM"]
[BlackTitle "I"]
[WhiteElo "2284"]
[BlackElo "2033"]

1. Nf3 d5 2. g3 Nf6 3. Bg2 c6 4. O-O e6 5. d3 Be7 6. Nbd2 O-O 7. e4 Qc7 8. Re1
c5 9. Qe2 Nc6 10. e5 Nd7 11. h4 f6 12. exf6 Nxf6 13. Nb3 Bd6 14. c4 dxc4 15. dxc4
e5 16. Ng5 Nd4 17. Nxd4 exd4 18. Ne6 Bxe6 19. Qxe6+ Kh8 20. Bg5 Rae8 21. Qh3 Qf7
22. Qf5 b6 23. b3 h6 24. Bd2 Qd7 25. Bh3 Qxf5 26. Bxf5 Rxe1+ 27. Rxe1 Re8 28.
Rxe8+ Nxe8 29. Kg2 Kg8 30. f4 Kf7 31. h5 Nc7 32. Kf3 Kf6 33. Ke4 Ne6 34. Bh3 Nf8
35. Kd5 Be7 36. a4 g6 37. hxg6 Nxg6 38. Kc6 Bd8 39. a5 1-0

[Event "Druzynowe Mistrzostwa Polski Juniorow - Ekstraliga Juniorow 2019"]
[Site "DW Globus Ustron Jaszowiec ul. Turystyczna 6"]
[Date "1899-12-30"]
[Round "6.9"]
[White "Jeda, Maciej"]
[Black "Chyzy, Jakub"]
[Result "0-1"]
[WhiteTitle "I"]
[BlackTitle "k"]
[WhiteElo "1798"]
[BlackElo "2093"]

1. e4 Nf6 2. Nc3 e5 3. Nf3 Nc6 4. Bb5 Bb4 5. O-O O-O 6. Bxc6 dxc6 7. d3 Qd6 8.
Ne2 a6 9. Ng3 Bc5 10. Qe2 Ba7 11. Kh1 Ne8 12. Bd2 g6 13. Bc3 Bg4 14. h3 Bxf3 15.
Qxf3 Ng7 16. Rad1 Rae8 17. Qg4 h5 18. Qh4 Qe7 19. Qxe7 Rxe7 20. Ne2 c5 21. g3
c6 22. f4 Bb8 23. Rde1 f6 24. Kg2 g5 25. h4 g4 26. Rf2 Ref7 27. Ba5 Ne6 28. Bb6
Bd6 29. f5 Nc7 30. Bxc7 Bxc7 31. Ra1 Rd8 32. Nc1 Rfd7 33. c4 Bd6 34. a4 Bf8 35.
Kf1 Bh6 36. Nb3 Be3 37. Rg2 Rxd3 38. Ra3 Bd4 39. Na5 Rd1+ 40. Ke2 Bxb2 41. Rb3
R8d2+ 0-1

[Event "Druzynowe Mistrzostwa Polski Juniorow - Ekstraliga Juniorow 2019"]
[Site "DW Globus Ustron Jaszowiec ul. Turystyczna 6"]
[Date "1899-12-30"]
[Round "6.10"]
[White "Czernek, Tymon"]
[Black "Piechota, Kamil"]
[Result "1-0"]
[WhiteTitle "I++"]
[BlackTitle "I"]
[WhiteElo "2003"]
[BlackElo "1641"]

1. e4 d5 2. exd5 Nf6 3. d4 Bg4 4. Nf3 Qxd5 5. Nc3 Qd7 6. Be2 Nc6 7. d5 Nb4 8. Ne5
Bxe2 9. Qxe2 Qd6 10. O-O a6 11. Rd1 e6 12. a3 Nbxd5 13. Nxd5 Nxd5 14. c4 f6 15.
Nf3 O-O-O 16. cxd5 exd5 17. Nd4 g6 18. g3 g5 19. b4 Qd7 20. Qf3 Kb8 21. Qf5 Qa4
22. Bb2 Bd6 23. Ne6 Rde8 24. Qxd5 Qd7 25. Nc5 Qb5 26. a4 Qb6 27. Nd7+ 1-0

[Event "Druzynowe Mistrzostwa Polski Juniorow - Ekstraliga Juniorow 2019"]
[Site "DW Globus Ustron Jaszowiec ul. Turystyczna 6"]
[Date "1899-12-30"]
[Round "6.11"]
[White "Bilczewska, Olga"]
[Black "Swiech, Joanna"]
[Result "1/2-1/2"]
[WhiteTitle "I++"]
[BlackTitle "k"]
[WhiteElo "1691"]
[BlackElo "1879"]

1. e4 e5 2. Nf3 Nc6 3. Bb5 a6 4. Bxc6 dxc6 5. Nc3 Bg4 6. h3 Bxf3 7. Qxf3 Bd6 8.
d3 Ne7 9. O-O O-O 10. Qg4 Ng6 11. Ne2 Qe7 12. Ng3 Qh4 13. Qxh4 Nxh4 14. b3 Rfe8
15. Bb2 Ng6 16. Ne2 c5 17. a4 Ne7 18. Nc3 Nc6 19. Nd5 Nb4 20. Nxb4 cxb4 21. Rfd1
f6 22. g4 Re6 23. Re1 Bc5 24. Rac1 Rd8 25. Kg2 c6 26. Ra1 a5 27. f3 Kf7 28. Kf1
g5 29. Kg2 h6 30. Rad1 Red6 31. Kf1 1/2-1/2

[Event "Druzynowe Mistrzostwa Polski Juniorow - Ekstraliga Juniorow 2019"]
[Site "DW Globus Ustron Jaszowiec ul. Turystyczna 6"]
[Date "1899-12-30"]
[Round "6.12"]
[White "Wikar, Martyna"]
[Black "Bugaj, Hanna"]
[Result "1/2-1/2"]
[WhiteTitle "k+"]
[BlackTitle "I"]
[WhiteElo "2020"]
[BlackElo "1566"]

1. e4 c5 2. Nf3 Nc6 3. d4 cxd4 4. Nxd4 Nf6 5. Nc3 e5 6. Ndb5 d6 7. Nd5 Nxd5 8.
exd5 Nb8 9. a4 Be7 10. Be3 O-O 11. a5 Nd7 12. Nxa7 f5 13. Nxc8 Qxc8 14. Be2 f4
15. Bd2 Qc5 16. Ra4 Kh8 17. Bb4 Qc7 18. O-O Nc5 19. Bxc5 Qxc5 20. b4 Qc7 21. Qd3
Rfc8 22. c4 Ra7 23. Qe4 g6 24. Rc1 Qd7 25. Ra3 Bg5 26. Rc2 Qe7 27. Bg4 Rc7 28.
h3 Bf6 29. Rac3 Qd8 30. Be6 Ra8 31. c5 Re7 32. cxd6 Qxd6 33. Rc5 Kg7 34. Qc4 Rae8
35. b5 Ra8 36. b6 Bh4 37. Qc3 Bf6 38. Rc8 Rxc8 39. Qxc8 Qb4 40. Qc3 Qd6 41. Qc4
Kh6 42. Qc5 Qd8 43. Qc8 Qd6 44. Rc7 Rxc7 45. Qxc7 Qb4 46. Bg8 Bg7 47. Kh2 Qd4
1/2-1/2

[Event "Druzynowe Mistrzostwa Polski Juniorow - Ekstraliga Juniorow 2019"]
[Site "DW Globus Ustron Jaszowiec ul. Turystyczna 6"]
[Date "1899-12-30"]
[Round "6.13"]
[White "Kosakowski, Jakub"]
[Black "Czechowski, Jakub"]
[Result "1-0"]
[WhiteTitle "FM"]
[BlackTitle "I+"]
[WhiteElo "2390"]
[BlackElo "1922"]

1. e4 e5 2. Nf3 Nc6 3. Bc4 Nf6 4. d3 Bc5 5. c3 a6 6. a4 Ba7 7. O-O O-O 8. Bg5 d6
9. Nbd2 Qe7 10. h3 Nd8 11. Nh4 Ne6 12. Nf5 Qd8 13. Bh4 g6 14. Nh6+ Kg7 15. Bxe6
Kxh6 16. Bxc8 Rxc8 17. Nc4 g5 18. Bg3 Kg7 19. Qf3 Ng8 20. h4 h6 21. hxg5 hxg5
22. d4 f6 23. Rad1 Qe8 24. dxe5 fxe5 25. Qg4 Qe7 26. Bxe5+ Kg6 27. Bd4 Bxd4 28.
Rxd4 Nh6 29. Qh3 Rh8 30. f4 g4 31. Qg3 Rcg8 32. e5 d5 33. f5+ Kf7 34. Rxd5 c6
35. Rd7 1-0

[Event "Druzynowe Mistrzostwa Polski Juniorow - Ekstraliga Juniorow 2019"]
[Site "DW Globus Ustron Jaszowiec ul. Turystyczna 6"]
[Date "1899-12-30"]
[Round "6.14"]
[White "Koziorowicz, Michal"]
[Black "Pytel, Maciej"]
[Result "1-0"]
[WhiteTitle "I++"]
[BlackTitle "k"]
[WhiteElo "1985"]
[BlackElo "1988"]

1. e4 c5 2. Nf3 e6 3. d4 cxd4 4. Nxd4 a6 5. Nc3 Qc7 6. g3 Nf6 7. Bg2 Bc5 8. O-O
d6 9. Nb3 Ba7 10. Bf4 e5 11. Bg5 Nbd7 12. Kh1 h6 13. Bd2 Nb6 14. f4 Nc4 15. fxe5
dxe5 16. Rxf6 gxf6 17. Nd5 Qc6 18. Bb4 Ne3 19. Qf3 Nxd5 20. exd5 Qb6 21. Bc5 Qd8
22. Ba3 Rg8 23. Nd2 Bg4 24. Qd3 Bb8 25. Nc4 b5 26. Qh7 Rg6 27. d6 1-0

[Event "Druzynowe Mistrzostwa Polski Juniorow - Ekstraliga Juniorow 2019"]
[Site "DW Globus Ustron Jaszowiec ul. Turystyczna 6"]
[Date "1899-12-30"]
[Round "6.15"]
[White "Karolczuk, Iwo"]
[Black "Dzida, Kamil"]
[Result "0-1"]
[WhiteTitle "I++"]
[BlackTitle "I++"]
[WhiteElo "2031"]
[BlackElo "1987"]

1. e4 c5 2. Nf3 d6 3. Bb5+ Nd7 4. Ba4 Ngf6 5. O-O g6 6. Re1 a6 7. c3 c4 8. e5 dxe5
9. Nxe5 b5 10. Qf3 Nb6 11. Nxc4 Nbd5 12. Ne3 bxa4 13. c4 Nc7 14. Nc3 Rb8 15. d4
Bg7 16. d5 O-O 17. Nxa4 e6 18. Nc3 exd5 19. cxd5 Re8 20. Rd1 Bb7 21. h3 Qd7 22.
b3 Nfxd5 23. Bb2 Nxc3 24. Rxd7 Bxf3 25. Bxc3 Bxc3 26. Rc1 Be5 27. gxf3 Ne6 28.
Rc6 a5 29. Nc4 Bg7 30. Nxa5 Nd4 31. Rcc7 Re1+ 32. Kg2 Ne6 33. Rc4 g5 34. Nc6 Re8
35. h4 h6 36. Kg3 Nf4 37. hxg5 hxg5 38. Kg4 Rg1+ 39. Kf5 Ng6 40. Rg4 Rf1 41. Kxg5
Rxf2 42. f4 Rc2 43. Nb4 Rh2 44. Rg1 Bh6+ 45. Kg4 Rh4+ 46. Kg3 Bxf4+ 47. Kf3 Kf8
48. Rb7 Re3+ 49. Kf2 Rhh3 50. Rg4 Rc3 51. Rb5 Nh4 52. Nd3 Rc2+ 53. Kg1 Nf3+ 0-1

[Event "Druzynowe Mistrzostwa Polski Juniorow - Ekstraliga Juniorow 2019"]
[Site "DW Globus Ustron Jaszowiec ul. Turystyczna 6"]
[Date "1899-12-30"]
[Round "6.16"]
[White "Wysocki, Mateusz"]
[Black "Budzisz, Adrian"]
[Result "1-0"]
[WhiteTitle "I"]
[BlackTitle "I"]
[WhiteElo "1634"]
[BlackElo "1796"]

1. e4 c5 2. Nf3 e6 3. d4 cxd4 4. Nxd4 a6 5. Bd3 Nf6 6. O-O d6 7. c4 Nc6 8. Be3
Ne5 9. Nc3 Qc7 10. Rc1 Nxd3 11. Qxd3 Ng4 12. f4 Be7 13. Kh1 Nxe3 14. Qxe3 e5 15.
fxe5 dxe5 16. Nf5 Bxf5 17. exf5 Bc5 18. Qg3 f6 19. Nd5 Qf7 20. Qg4 Bd4 21. Rc2
Rc8 22. Qe4 O-O 23. b3 b5 24. Rfc1 Rfd8 25. h3 Rc5 26. Nb4 bxc4 27. Rxc4 Rxc4
28. Rxc4 Qh5 29. Rc1 g6 30. Nc6 gxf5 31. Ne7+ Kf8 32. Nxf5 Qg6 33. Qf3 Bb6 34.
Rc6 e4 35. Qf1 Qh5 36. Rxf6+ Kg8 37. Nh6+ Kg7 38. Rf7+ Qxf7 39. Qxf7+ Kxh6 40.
Qf6+ Kh5 41. g4# 1-0

[Event "Druzynowe Mistrzostwa Polski Juniorow - Ekstraliga Juniorow 2019"]
[Site "DW Globus Ustron Jaszowiec ul. Turystyczna 6"]
[Date "1899-12-30"]
[Round "6.17"]
[White "Koruch, Maria"]
[Black "Raczykowska, Paulina"]
[Result "1/2-1/2"]
[WhiteTitle "I+"]
[BlackTitle "k"]
[WhiteElo "1677"]
[BlackElo "1893"]

1. e4 e5 2. Nf3 Nc6 3. Bb5 a6 4. Ba4 Nf6 5. O-O b5 6. Bb3 Be7 7. Re1 d6 8. c3 O-O
9. h3 Na5 10. Bc2 c5 11. d4 Nd7 12. Nbd2 exd4 13. cxd4 Nc6 14. d5 Nce5 15. a4
Bb7 16. Nxe5 Nxe5 17. f4 Ng6 18. Nf3 Bh4 19. Nxh4 Qxh4 20. Rf1 f5 21. e5 Ne7 22.
Qe1 Qh6 23. axb5 axb5 24. Rxa8 Bxa8 25. Qa5 Nxd5 26. Qxb5 Qg6 27. Rf2 Kh8 28.
Qd7 Nb4 29. Qxd6 Qxd6 30. exd6 Rd8 31. Re2 g6 32. Bb3 Be4 33. Bd2 h6 34. Bc3+
Kh7 35. Be5 Bd3 36. Rd2 Bb5 37. Be6 Nd3 38. g3 c4 39. g4 fxg4 40. hxg4 g5 41.
Bf5+ Kg8 42. d7 gxf4 43. Bxd3 cxd3 44. Bxf4 1/2-1/2

[Event "Druzynowe Mistrzostwa Polski Juniorow - Ekstraliga Juniorow 2019"]
[Site "DW Globus Ustron Jaszowiec ul. Turystyczna 6"]
[Date "1899-12-30"]
[Round "6.18"]
[White "Siekanska, Maria"]
[Black "Szczotka, Klara"]
[Result "1-0"]
[WhiteTitle "I++"]
[BlackTitle "I++"]
[WhiteElo "1559"]
[BlackElo "1786"]

1. d4 Nf6 2. c4 e6 3. Nc3 Bb4 4. e3 O-O 5. Bd3 b6 6. Nge2 d5 7. a3 Be7 8. O-O Bb7
9. cxd5 exd5 10. b4 Nbd7 11. Bb2 Re8 12. Rc1 Bd6 13. Ng3 Bxg3 14. hxg3 c5 15.
Nb5 c4 16. Bf5 Nf8 17. Nc3 Ne6 18. Re1 g6 19. Bb1 Ng5 20. Qd2 Qd7 21. e4 Ngxe4
22. Nxe4 Nxe4 23. Bxe4 Rxe4 24. Rxe4 dxe4 25. d5 Qxd5 26. Qh6 f6 27. Bxf6 Qf7
28. Bb2 Rc8 29. Qe3 Kf8 30. Qd4 Ke8 31. Rd1 Kf8 32. Bc1 Bc6 33. Qh8+ Qg8 34. Qf6+
Qf7 35. Bh6+ Kg8 36. Qxc6 Qxf2+ 37. Kxf2 Rxc6 38. Rd7 a6 39. Rg7+ Kh8 40. Rf7
Rc8 41. Rf6 b5 42. Rxa6 c3 43. Rb6 c2 44. Bc1 Rf8+ 45. Ke2 Rf5 46. Rc6 Kg7 47.
Bb2+ Kf7 48. Rxc2 Rg5 49. Kf2 Rd5 50. Ke3 Rd3+ 51. Kxe4 Rxg3 52. Kf4 Rb3 53. Ke5
Rd3 54. Rc7+ Kg8 55. Ke6 Rd8 56. Rg7+ Kf8 57. Rxh7 Re8+ 58. Kf6 Kg8 59. Rh8+ Kxh8
60. Kf7+ 1-0

[Event "Druzynowe Mistrzostwa Polski Juniorow - Ekstraliga Juniorow 2019"]
[Site "DW Globus Ustron Jaszowiec ul. Turystyczna 6"]
[Date "1899-12-30"]
[Round "6.19"]
[White "Gumularz, Szymon"]
[Black "Gazik, Viktor"]
[Result "1/2-1/2"]
[WhiteTitle "IM"]
[BlackTitle "IM"]
[WhiteElo "2495"]
[BlackElo "2520"]

1. e4 c6 2. d4 d5 3. e5 Bf5 4. Nf3 e6 5. Be2 Nd7 6. O-O Ne7 7. c3 h6 8. Na3 Bh7
9. Nc2 a6 10. Nce1 c5 11. Bd3 c4 12. Bxh7 Rxh7 13. Nh4 g6 14. f4 Nf5 15. Nxf5
gxf5 16. Qh5 b5 17. Kh1 Qb6 18. h3 O-O-O 19. g4 fxg4 20. hxg4 Be7 21. Be3 Rg8
22. Nf3 b4 23. Rf2 Rhg7 24. Rg1 bxc3 25. bxc3 f5 26. gxf5 Rxg1+ 27. Nxg1 Qb1 28.
Rf3 Qxf5 29. Qxf5 exf5 30. Rh3 Nf8 31. Rxh6 Kd7 32. Kh2 Ne6 33. Ne2 Bf8 34. Rh5
Ng7 35. Rh6 Ne6 36. Rh5 Ng7 37. Rg5 Be7 38. Rg6 Rh8+ 39. Kg2 Ne6 40. Ng3 Rf8 41.
Kf3 Rf7 42. Rh6 Nc7 43. Bd2 Bf8 44. Rb6 Ba3 45. Nf1 Rh7 46. Ne3 Rh2 47. Be1 Rxa2
48. Nxf5 Ra1 49. Bd2 Ra2 50. Be1 1/2-1/2

[Event "Druzynowe Mistrzostwa Polski Juniorow - Ekstraliga Juniorow 2019"]
[Site "DW Globus Ustron Jaszowiec ul. Turystyczna 6"]
[Date "1899-12-30"]
[Round "6.20"]
[White "Godzwon, Iwo"]
[Black "Czopor, Maciej"]
[Result "1/2-1/2"]
[WhiteTitle "FM"]
[BlackTitle "k"]
[WhiteElo "2285"]
[BlackElo "2250"]

1. c4 b6 2. Nf3 Bb7 3. e3 Nf6 4. Be2 e6 5. O-O Be7 6. b3 O-O 7. Bb2 c5 8. d4 d6
9. Nc3 Nbd7 10. Ng5 h6 11. Bf3 Qc8 12. Nge4 Nxe4 13. Nxe4 Nf6 14. d5 Nxe4 15.
Bxe4 f5 16. Bf3 e5 17. Bh5 Kh7 18. f4 e4 19. Be2 Qd8 20. g4 Bf6 21. Bxf6 Qxf6
22. gxf5 Bc8 23. Kh1 Bxf5 24. Bg4 a6 25. Bxf5+ Qxf5 26. a4 Ra7 27. Qc2 Rf6 28.
Rg1 Re7 29. Rg3 Rg6 30. Kg2 a5 31. Qe2 Rf7 32. Rg1 Rff6 33. Kf2 Kg8 34. R1g2 Kh7
35. Qc2 Kg8 36. Kg1 Rxg3 37. Rxg3 Rg6 38. Rxg6 Qxg6+ 39. Qg2 Qxg2+ 40. Kxg2 Kf7
41. Kg3 Kf6 42. Kg4 g6 43. h3 h5+ 44. Kh4 Kf5 45. Kg3 Kf6 1/2-1/2

[Event "Druzynowe Mistrzostwa Polski Juniorow - Ekstraliga Juniorow 2019"]
[Site "DW Globus Ustron Jaszowiec ul. Turystyczna 6"]
[Date "1899-12-30"]
[Round "6.21"]
[White "Luberanski, Jakub"]
[Black "Turski, Bartlomiej"]
[Result "1/2-1/2"]
[WhiteTitle "I++"]
[BlackTitle "I"]
[WhiteElo "2010"]
[BlackElo "1967"]

1. e4 c5 2. Ne2 Nc6 3. d4 cxd4 4. Nxd4 Nf6 5. Nc3 d6 6. Bg5 e6 7. Qd2 a6 8. O-O-O
Bd7 9. f4 b5 10. Bxf6 gxf6 11. Kb1 b4 12. Nce2 Qb6 13. Qe1 h5 14. h4 a5 15. Nxc6
Bxc6 16. Nd4 Bd7 17. Bc4 a4 18. Qe2 Qc5 19. f5 e5 20. Nb5 Rc8 21. b3 Bc6 22. Rd2
a3 23. Rhd1 Bxb5 24. Bxb5+ Kd8 25. Bc4 Rb8 26. Qf3 Rb7 27. Rd5 Qc7 28. g4 hxg4
29. Qxg4 Qb6 30. Qg3 Qa7 31. h5 Rb6 32. h6 Bxh6 33. Rxd6+ Rxd6 34. Rxd6+ Ke7 35.
Rd1 Bg5 36. Qd3 Qd4 37. Qxd4 exd4 38. Bd3 Kd6 39. Re1 Ke5 40. Rf1 Rh2 1/2-1/2

[Event "Druzynowe Mistrzostwa Polski Juniorow - Ekstraliga Juniorow 2019"]
[Site "DW Globus Ustron Jaszowiec ul. Turystyczna 6"]
[Date "1899-12-30"]
[Round "6.22"]
[White "Bogusz, Alan"]
[Black "Madej, Marek"]
[Result "0-1"]
[WhiteTitle "I"]
[BlackTitle "I"]
[WhiteElo "1730"]
[BlackElo "1843"]

1. e4 c5 2. Nf3 e6 3. d4 cxd4 4. Nxd4 Nc6 5. Nxc6 bxc6 6. Bd3 d5 7. Qe2 Nf6 8.
O-O Qc7 9. f4 dxe4 10. Bxe4 Bc5+ 11. Kh1 O-O 12. Nc3 Nd5 13. Qc4 Bd6 14. Ne2 a5
15. Qd3 f5 16. Bxd5 exd5 17. b3 Ba6 18. c4 Rad8 19. Qc2 Rfe8 20. Nd4 g6 21. Rd1
c5 22. Nf3 d4 23. Qd2 Bb7 24. Ng5 h6 25. Nf3 Re4 26. Ne5 Bxe5 27. fxe5 g5 28.
Qf2 Qxe5 29. Qg3 Qxg3 30. hxg3 Re2 31. Rg1 Rde8 32. Ba3 Rc2 33. Bxc5 Ree2 34.
Bxd4 Rxg2 35. Rxg2 Rxg2 36. Bf6 f4 37. gxf4 Kf7 38. fxg5 hxg5 39. Bh8 g4 40. Rf1+
Ke6 41. Rf6+ Ke7 42. Rb6 Bf3 43. Bf6+ Kf7 44. Bh4 Rg3+ 45. Kh2 Rh3+ 46. Kg1 Rxh4
47. Rb5 Rh1+ 48. Kf2 Rh2+ 49. Kg3 Rxa2 50. c5 Ke7 51. Rb6 Kd7 52. Ra6 Ra3 53.
Kf4 Kc7 54. b4 axb4 55. Rb6 b3 56. Kg3 Bd1 57. Kf4 Ra4+ 58. Kg3 Rc4 0-1

[Event "Druzynowe Mistrzostwa Polski Juniorow - Ekstraliga Juniorow 2019"]
[Site "DW Globus Ustron Jaszowiec ul. Turystyczna 6"]
[Date "1899-12-30"]
[Round "6.23"]
[White "Harazinska, Magdalena"]
[Black "Jarocka, Liwia"]
[Result "1/2-1/2"]
[WhiteTitle "WFM"]
[BlackTitle "FM"]
[WhiteElo "2004"]
[BlackElo "2102"]

1. d4 Nf6 2. c4 b6 3. Nc3 Bb7 4. Bg5 g6 5. f3 Bg7 6. e4 d6 7. Nge2 Nbd7 8. Qd2
c5 9. d5 h6 10. Be3 a6 11. Ng3 h5 12. h4 Qc7 13. Be2 Ne5 14. Nf1 Bc8 15. Nh2 Bd7
16. Bg5 Qb8 17. a4 Nh7 18. Bh6 Bf6 19. g3 Qc7 20. Be3 Bg7 21. f4 Ng4 22. Nxg4
hxg4 23. O-O-O Nf6 24. Bf2 Nh5 25. Bd3 O-O-O 26. Bc2 Rhe8 27. Rhe1 Bh6 28. Kb1
Ng7 29. Qd3 f6 30. Be3 Rf8 31. Qe2 Rde8 32. Rf1 Nh5 33. Qf2 Rg8 34. f5 Bxe3 35.
Qxe3 gxf5 36. exf5 Rh8 37. Rde1 Kd8 38. b3 Qc8 39. Ne2 Ng7 40. Qf4 Reg8 41. Qe4
Nh5 42. Nf4 Rg7 43. Nxh5 Rxh5 44. Rf4 Kc7 45. Ref1 Qg8 46. Bd1 b5 47. axb5 axb5
48. Rxg4 Rhh7 49. Rxg7 Rxg7 50. g4 Qa8 51. Rf2 bxc4 52. bxc4 Rg8 53. Rb2 Qa3 54.
Qf3 Qa6 55. Qb3 Rh8 1/2-1/2

[Event "Druzynowe Mistrzostwa Polski Juniorow - Ekstraliga Juniorow 2019"]
[Site "DW Globus Ustron Jaszowiec ul. Turystyczna 6"]
[Date "1899-12-30"]
[Round "6.24"]
[White "Hertlein, Irena"]
[Black "Pawicka, Magdalena"]
[Result "1/2-1/2"]
[WhiteTitle "I++"]
[BlackTitle "I"]
[WhiteElo "1612"]
[BlackElo "1700"]

1. e4 c5 2. Nf3 e6 3. d4 cxd4 4. Nxd4 a6 5. Nc3 Qc7 6. Bd3 Nf6 7. O-O d6 8. Kh1
Be7 9. f4 Nbd7 10. Be2 O-O 11. Be3 b5 12. f5 e5 13. Nb3 Bb7 14. Bf3 b4 15. Nd5
Bxd5 16. exd5 e4 17. Be2 Qb7 18. Qd4 a5 19. Rad1 a4 20. Nd2 Rfe8 21. Nc4 Rec8
22. Bf4 Rc5 23. Nxd6 Bxd6 24. Bxd6 Rxc2 25. Rfe1 b3 26. axb3 axb3 27. Ba3 Rac8
28. d6 h6 29. Qe3 Kh7 30. Ra1 Qb6 31. Qxb6 Nxb6 32. Bd1 Rd2 33. Bxb3 Nbd5 34.
Bxd5 Rxd5 35. Rad1 Rxf5 36. Rf1 Kg6 37. Kg1 Rd8 38. b4 Rxf1+ 39. Kxf1 Nd7 40.
b5 f5 41. Rc1 Kf7 42. Ke2 Ke6 43. Ke3 Ra8 44. Rc3 g5 45. Rb3 Rb8 46. Kd4 Rb7 1/2-1/2

[Event "Druzynowe Mistrzostwa Polski Juniorow - Ekstraliga Juniorow 2019"]
[Site "DW Globus Ustron Jaszowiec ul. Turystyczna 6"]
[Date "1899-12-30"]
[Round "6.25"]
[White "Lukasiewicz, Krzysztof"]
[Black "Chylewski, Patryk"]
[Result "0-1"]
[WhiteTitle "k"]
[BlackTitle "FM"]
[WhiteElo "2172"]
[BlackElo "2400"]

1. e4 c5 2. Nf3 e6 3. d4 cxd4 4. Nxd4 Nc6 5. Nc3 Qc7 6. Be2 a6 7. O-O Nf6 8. Be3
Bb4 9. Na4 O-O 10. Nxc6 bxc6 11. Nb6 Rb8 12. Nxc8 Rfxc8 13. Bxa6 Rd8 14. Bd3 Bd6
15. Kh1 Rxb2 16. Bd4 Rbb8 17. Bxf6 gxf6 18. Qh5 c5 19. c4 Rb2 20. Qh6 Bf8 21.
Qxf6 Bg7 22. Qg5 Ra8 23. f4 f6 24. Qh5 Rd2 25. Rf3 d6 26. a4 Qc6 27. Qg4 Qd7 28.
a5 Kh8 29. f5 exf5 30. exf5 d5 31. h3 Qd6 32. cxd5 Qe5 33. Qa4 Bf8 34. Rb1 Bd6
35. g3 Qc3 36. Qc6 Rd8 37. Qa6 Qa3 38. Qb6 Rb8 39. Rb3 Qa1+ 40. Rb1 Qxb1+ 41.
Qxb1 Rxb1+ 42. Bxb1 Rd1+ 43. Kg2 Rxb1 44. Ra3 Rb7 45. a6 Ra7 46. Kf3 Kg7 47. Ra2
Kf8 48. g4 Ke8 49. h4 h6 50. Re2+ Kf7 51. Ra2 Ke7 52. Re2+ Be5 53. g5 hxg5 54.
hxg5 Rxa6 55. Kg4 Kf7 56. Rc2 Ra4+ 57. Kh3 fxg5 58. Rxc5 Kf6 59. Rb5 Kxf5 60.
d6 Rd4 61. Kg2 Rxd6 62. Ra5 Rd2+ 63. Kf1 g4 64. Ra8 Rb2 65. Rg8 Kf4 66. Re8 Kf3
67. Rf8+ Bf4 0-1

[Event "Druzynowe Mistrzostwa Polski Juniorow - Ekstraliga Juniorow 2019"]
[Site "DW Globus Ustron Jaszowiec ul. Turystyczna 6"]
[Date "1899-12-30"]
[Round "6.26"]
[White "Kokoszczynski, Jan"]
[Black "Sernecki, Franciszek"]
[Result "1/2-1/2"]
[WhiteTitle "k"]
[BlackTitle "I++"]
[WhiteElo "2238"]
[BlackElo "2283"]

1. d4 d5 2. c4 e6 3. Nf3 Nf6 4. g3 dxc4 5. Bg2 c5 6. O-O Nc6 7. Ne5 Bd7 8. Nxc4
cxd4 9. Bf4 Be7 10. Nd6+ Kf8 11. Nxb7 Qb6 12. Nd6 Qc5 13. b4 Qxb4 14. a3 Qc5 15.
Qb3 Nd5 16. Rc1 Qa5 17. Qb7 Rd8 18. Nc4 Qa4 19. Bxd5 exd5 20. Nb2 Na5 21. Qxd5
Qb5 22. Qxb5 Bxb5 23. Nd2 Nb7 24. Rc7 Rd7 25. Rc8+ Rd8 26. Rc7 Rd7 27. Rxd7 Bxd7
28. Nd3 f6 29. Nb3 Kf7 30. Nxd4 Rc8 31. Rb1 Na5 32. Nb5 a6 33. Nd6+ Bxd6 34. Bxd6
Rc2 35. Rb2 Rxb2 36. Nxb2 Bb5 37. Bb4 Nc4 38. Nd1 Ke6 39. Nc3 Bc6 40. f3 Ke5 41.
Bc5 Nb2 42. f4+ Ke6 43. Bf8 g6 44. Kf2 Na4 45. Na2 Bb7 46. Nb4 Nc3 47. Ke3 Nd5+
48. Kd4 Nxb4 49. axb4 Bc6 50. e4 Bb5 51. Bc5 Be2 52. Bb6 Bf1 53. Bd8 f5 54. e5
Bb5 55. Kc5 Bf1 56. Bg5 Bb5 57. Bh6 Bf1 58. Kb6 Kd7 59. h3 Be2 60. g4 Ke6 61.
gxf5+ Kxf5 62. Kc7 Ke6 63. Kd8 Bb5 64. h4 Ba4 65. Bg5 h5 66. Kc7 Bb5 67. Kb8 Bf1
68. Ka8 Bb5 69. Kb8 Bf1 70. Ka8 Bb5 71. Kb8 1/2-1/2

[Event "Druzynowe Mistrzostwa Polski Juniorow - Ekstraliga Juniorow 2019"]
[Site "DW Globus Ustron Jaszowiec ul. Turystyczna 6"]
[Date "1899-12-30"]
[Round "6.27"]
[White "Wieczorek, Mikolaj"]
[Black "Fiszer, Bartosz"]
[Result "0-1"]
[WhiteTitle "I"]
[BlackTitle "CM"]
[WhiteElo "1751"]
[BlackElo "2105"]

1. d4 Nf6 2. c4 g6 3. Nc3 Bg7 4. e4 d6 5. Nf3 O-O 6. Be2 e5 7. O-O Nc6 8. d5 Ne7
9. b4 Ne8 10. c5 f5 11. a4 Nf6 12. Nd2 h5 13. Ba3 h4 14. b5 h3 15. g3 Ne8 16.
b6 axb6 17. cxb6 c6 18. dxc6 Nxc6 19. Nc4 Nd4 20. Nd5 Be6 21. Nc7 Nxc7 22. bxc7
Qxc7 23. Bxd6 Nxe2+ 24. Qxe2 Bxc4 25. Qc2 Qxd6 26. Qxc4+ Rf7 27. Rab1 Qc6 28.
Qb5 Qxb5 29. axb5 fxe4 30. Rfe1 Ra4 31. b6 Ra2 32. Rxe4 Rfxf2 33. Rc1 Rg2+ 34.
Kf1 Rxh2 35. Rc8+ Bf8 36. Rxe5 Rh1# 0-1